Statistics for Countries That Speak Semitic Languages

Click here to take the quiz!

General Stats

  • This quiz has been taken 52 times
  • The average score is 25 of 27

Answer Stats

LanguageCountry% Correct
HebrewIsrael
100%
ArabicLibya
98%
ArabicSaudi Arabia
98%
ArabicEgypt
98%
MalteseMalta
98%
ArabicLebanon
95%
ArabicQatar
95%
ArabicOman
95%
ArabicMorocco
95%
ArabicBahrain
95%
ArabicYemen
95%
ArabicJordan
95%
ArabicIraq
95%
AmharicEthiopia
93%
ArabicMauritania
93%
ArabicSomalia
93%
ArabicUnited Arab Emirates
93%
ArabicAlgeria
93%
ArabicKuwait
90%
TigrinyaEritrea
90%
ArabicSudan
90%
ArabicSyria
90%
ArabicTunisia
90%
ArabicDjibouti
88%
ArabicChad
88%
ArabicComoros
67%
ArabicPalestine
64%

Score Distribution

Percentile by Number Answered

Percent of People with Each Score

Your Score History

You have not taken this quiz